000 00664nam a2200181Ia 4500
008 100920s9999 xx 000 0 und d
082 _b85324
_a28 व 891 थ 99
100 _aधाक्रस पुरूषोत्तम.
245 _aगोष्टी न ऎकलेल्या.
260 _bरोहन प्रकाशन, मुंबई 64.
_c1999
300 _a46
_bसाधी
365 _b12
520 _aबा.वि.लघुकथा.
630 _aगोष्टी न ऎकलेल्या.
650 _aबा.वि.लघुकथा.
730 _aगोष्टी न ऎकलेल्या.
942 _cBOOK
999 _c725837
_d725834